00321nam a2200121Ia 4500008004100000041000800041082001200049100001600061245004500077260004200122300002400164365001100188240624s9999 xx 000 0 und d aeng a020 DEV aDEVERAJAN G aLIBRARY AND INFORMATION STUDIES IN THE D c2006aNew DelhibEss Ess Publications a280 : p. : cm. ; 21 cRSb20